000 00668nam a2200241Ia 4500
003 OSt
005 20221006144837.0
006 a|||||r|||| 00| 0
007 ta
008 221006b |||||||| |||| 00| 0 eng d
020 _c445.25
024 _a12,904
037 _cTextual
040 _aEASL
_cEASL
_beng
041 _2eng
_aeng
082 _aV41:1958.N7, M7
100 _aHART Thomas G
_9652999
245 0 _aSino-Soviet relations
_b Re-examining the prospects for normalization
260 _aHong Kong
_bGOwer
_c1987
300 _a128p.
_ccm.
942 _hV41:1958.N7, M7
_cTEXL
_2CC
999 _c1080990
_d1080990